Normal view
MARC view
Entry Personal Name
001 - CONTROL NUMBER
- control field: 724129
003 - CONTROL NUMBER IDENTIFIER
- control field: OSt
005 - DATE AND TIME OF LATEST TRANSACTION
- control field: 20240920105905.0
008 - FIXED-LENGTH DATA ELEMENTS
- fixed length control field: 240920|| aca||aabn | a|a d
040 ## - CATALOGING SOURCE
- Original cataloging agency: OSt
- Transcribing agency: OSt
100 ## - HEADING--PERSONAL NAME
- Personal name: Good Peter Au
670 ## - SOURCE DATA FOUND
- Source citation: Work cat.: (OSt)1217890: Good Peter Au., East India company in Persia: trade and cultural exchange in the eighteenth century, 2023
